000 00677nam a2200229Ia 4500
003 OSt
005 20220925214827.0
006 a|||||r|||| 00| 0
007 ta
008 220923b |||||||| |||| 00| 0 eng d
037 _cGeneral Book
040 _aRTL
_cRTL
_beng
041 _2eng
_aeng
082 _aY:4.53.N7, L0
100 _aZeldin Theodore Ed.
_9135189
245 0 _aConflicts in French society
_b Anticlericalism, edu
260 _aLondon
_bGeorge Allen and Unwin
_c1970
300 _a235p
_ccm.
490 _aSt Anthony's College, Publication.1
942 _hY:4.53.N7, L0
_cGB
_2CC
999 _c566826
_d566826